| 000 | 00468nam a2200157Ia 4500 | ||
|---|---|---|---|
| 999 |
_c9552 _d9552 |
||
| 003 | OSt | ||
| 005 | 20200131095610.0 | ||
| 008 | 190216s9999||||xx |||||||||||||| ||und|| | ||
| 040 | _coclc | ||
| 082 |
_a301.32 _bMIS/I |
||
| 100 |
_aMisra, Bhaskar D _9847 |
||
| 245 | 0 |
_aIntroduction To The Study Of Population / _cBhaskar D Misra |
|
| 260 |
_bSouth Asian Pubs, _c1980. _aBombay: |
||
| 300 | _a360p | ||
| 942 |
_cBK _2ddc _h301.32 _iMIS/I _k301.32 _mMIS/I |
||